00634nam a2200157 a 450000100100000000500170001000800410002704000250006811000600009324000180015324501050017126000570027630000210033395201050035499900170045900003898920201002031441.0130510s2003 dr 000 0 spa d aDO-SdBNPbspacBNPHU1 aRepública DominicanabSecretaría de Finanzas96523610a[Leyes, etc.]10aActos del poder legislativo :bley no. 146-02 sobre seguros y finanzas de la República Dominicana. aSanto Domingo :bSuperintendencia de Seguros,c2003. a187 p. ;c22 cm. 0010718PDaPDbPDcCTd2013-05-10iLF1l0o p38989-10r2020-06-25w2020-06-25yLFPDZNo se presta c38479d38479